El cambio climático en un punto crítico /

সংরক্ষণ করুন:
গ্রন্থ-পঞ্জীর বিবরন
প্রধান লেখক: Ki-moon, Ban
বিন্যাস: পাঠ‍্য
বিষয়গুলি:
ট্যাগগুলো: ট্যাগ যুক্ত করুন
কোনো ট্যাগ নেই, প্রথমজন হিসাবে ট্যাগ করুন!

MARC

LEADER 00000 a a2200000 04500
001 10291
003
040
100 |a Ki-moon, Ban  
245 |a El cambio climático en un punto crítico /  |c Ban Ki-moon 
650 |a CAMBIOS CLIMATICOS  
650 |a MEDIO AMBIENTE  
650 |a CLIMA  
773 |g número 55; páginas 4-5  
999 |c 29932  |d 29932